[Event "Open Letní Praha 2018 - A"]
[Site "Praha"]
[Date "2018.08.07"]
[Round "6"]
[Board "25"]
[White "Maly, Filip"]
[Black "Krivanek, Vladimir"]
[Result "1/2-1/2"]
[WhiteElo "1954"]
[BlackElo "2147"]
[PlyCount "125"]
[EventDate "2018.08.03"]
[EventRounds "9"]
[EventCountry "CZE"]

1. e4 e6 2. d4 d5 3. Nc3 Nf6 4. e5 Nfd7 5. f4 c5 6. Nf3 Nc6 7. Be3 a6 8. Qd2 b5
9. dxc5 Bxc5 10. Bxc5 Nxc5 11. Qf2 Qb6 12. Bd3 Nxd3+ 13. cxd3 Qxf2+ 14. Kxf2
Bd7 15. Ne2 O-O 16. Ned4 Nb4 17. Ke2 a5 18. Rhc1 Rfc8 19. Rxc8+ Rxc8 20. Kd2 f6
21. a3 Na6 22. f5 exf5 23. e6 Be8 24. Nxf5 Rc7 25. N3d4 g6 26. Nd6 Kf8 27. Nxe8
Kxe8 28. Nxb5 Rc6 29. Nd4 Rb6 30. b4 axb4 31. axb4 Rxb4 32. Ke3 Rb6 33. Rc1 Kd8
34. Nc6+ Ke8 35. Nd4 Kd8 36. Nc6+ Ke8 37. Kd4 Nc7 38. Kc5 Rb3 39. Kd6 Nb5+ 40.
Kxd5 Rxd3+ 41. Kc4 Rd6 42. Kxb5 Rxe6 43. Nd4 Re4 44. Kc5 Kf7 45. Kd5 Re5+ 46.
Kd6 g5 47. h3 h5 48. Rc7+ Kg6 49. Re7 Ra5 50. g4 hxg4 51. hxg4 Ra6+ 52. Kc5
Ra5+ 53. Kc4 Ra4+ 54. Kc5 Ra5+ 55. Kb6 Ra4 56. Rd7 Rb4+ 57. Kc5 Ra4 58. Kb5 Ra1
59. Nf5 Ra5+ 60. Kc4 Ra4+ 61. Kd3 Rxg4 62. Nd6 Ra4 63. Ne4  1/2-1/2

[Event "Open Letní Praha 2018 - A"]
[Site "Praha"]
[Date "2018.08.07"]
[Round "6"]
[Board "26"]
[White "Sommerhalder, Eric"]
[Black "Psaila, Clarence"]
[Result "1/2-1/2"]
[WhiteElo "2145"]
[BlackElo "1964"]
[PlyCount "68"]
[EventDate "2018.08.03"]
[EventRounds "9"]
[EventCountry "CZE"]

1. e4 e6 2. d4 d5 3. Nc3 dxe4 4. Nxe4 Nd7 5. Bd3 Ngf6 6. Ne2 b6 7. Be3 Bb7 8.
f3 Nd5 9. Bf2 Be7 10. a3 O-O 11. c4 N5f6 12. O-O c5 13. Nxf6+ Bxf6 14. Qc2 g6
15. Rad1 Qe7 16. Be4 Bxe4 17. Qxe4 cxd4 18. Bxd4 Nc5 19. Qc2 Bxd4+ 20. Nxd4 a5
21. b3 Rac8 22. Rd2 Rfd8 23. Rfd1 Qg5 24. b4 axb4 25. axb4 e5 26. bxc5 exd4 27.
cxb6 Qc5 28. Qb3 Qxc4 29. Qxc4 Rxc4 30. Rb2 Rb8 31. Ra1 Kg7 32. Kf2 Rc6 33. b7
Rc7 34. Rab1 Re7  1/2-1/2

[Event "Open Letní Praha 2018 - A"]
[Site "Praha"]
[Date "2018.08.07"]
[Round "6"]
[Board "27"]
[White "Lacina, Filip"]
[Black "Slacky, Stanislav"]
[Result "1/2-1/2"]
[WhiteElo "1936"]
[BlackElo "2138"]
[PlyCount "157"]
[EventDate "2018.08.03"]
[EventRounds "9"]
[EventCountry "CZE"]

1. e4 Nf6 2. e5 Nd5 3. d4 d6 4. Nf3 dxe5 5. Nxe5 g6 6. Bc4 c6 7. Nc3 Be6 8. Ne4
Nc7 9. Qe2 Bg7 10. c3 O-O 11. O-O Bxc4 12. Qxc4 Nd5 13. Re1 Nd7 14. Nc5 b5 15.
Qe2 Bxe5 16. Nxd7 Bxh2+ 17. Kxh2 Qxd7 18. Bh6 Rfe8 19. Qe5 Qd6 20. a4 b4 21.
cxb4 Nxb4 22. Qxd6 exd6 23. Rxe8+ Rxe8 24. Be3 f6 25. Rc1 Rc8 26. a5 a6 27. Rc3
Kf7 28. Rb3 Nd5 29. Rb7+ Rc7 30. Rb8 Re7 31. Ra8 Nc7 32. Ra7 Ke6 33. d5+ Nxd5
34. Rxa6 Nxe3 35. fxe3 Kd5 36. Rb6 Rxe3 37. a6 Re1 38. Rb3 Re8 39. Rb7 Ra8 40.
a7 h5 41. Kg3 c5 42. Kf4 Ke6 43. g3 g5+ 44. Ke3 Kf5 45. Kf3 Ke6 46. Ke3 d5 47.
b3 h4 48. gxh4 gxh4 49. Kf4 d4 50. b4 cxb4 51. Rxb4 Kd5 52. Rb7 h3 53. Kg3 Ke4
54. Re7+ Kd3 55. Kxh3 Kc2 56. Rc7+ Kd2 57. Kg3 d3 58. Kf2 Kd1 59. Rd7 d2 60.
Rb7 f5 61. Kf1 Kc2 62. Rc7+ Kd3 63. Rd7+ Ke3 64. Re7+ Kf3 65. Rd7 Rxa7 66. Rd3+
Ke4 67. Rxd2 Ra3 68. Kf2 Rf3+ 69. Kg2 Re3 70. Ra2 f4 71. Ra4+ Kf5 72. Ra8 Rb3
73. Rf8+ Ke4 74. Re8+ Kd4 75. Kf2 Re3 76. Rxe3 fxe3+ 77. Ke2 Ke4 78. Ke1 e2 79.
Kxe2  1/2-1/2

[Event "Open Letní Praha 2018 - A"]
[Site "Praha"]
[Date "2018.08.07"]
[Round "6"]
[Board "28"]
[White "Sim, Jia Ru"]
[Black "Arnal Iturgaitz, Aitor"]
[Result "1-0"]
[WhiteElo "1930"]
[BlackElo "2122"]
[PlyCount "37"]
[EventDate "2018.08.03"]
[EventRounds "9"]
[EventCountry "CZE"]

1. e4 d6 2. d4 Nf6 3. Nc3 e5 4. Nf3 Nbd7 5. Bc4 Be7 6. O-O h6 7. h3 c6 8. a4 a5
9. Re1 Qc7 10. b3 Nf8 11. d5 g5 12. Ba3 g4 13. Nxe5 gxh3 14. g3 Rg8 15. Nxf7
Kxf7 16. e5 Qb6 17. Qf3 Bg4 18. dxc6+ Kg6 19. Nd5  1-0

[Event "Open Letní Praha 2018 - A"]
[Site "Praha"]
[Date "2018.08.07"]
[Round "6"]
[Board "29"]
[White "Molkanov, Oleg"]
[Black "Novak, Vaclav"]
[Result "0-1"]
[WhiteElo "2112"]
[BlackElo "1932"]
[PlyCount "118"]
[EventDate "2018.08.03"]
[EventRounds "9"]
[EventCountry "CZE"]

1. d4 g6 2. c4 Bg7 3. Nf3 d6 4. Nc3 Nd7 5. e4 e5 6. d5 Ngf6 7. Be2 Nc5 8. Qc2
a5 9. O-O Nh5 10. Bg5 f6 11. Be3 Nf4 12. Ne1 Nxe2+ 13. Qxe2 O-O 14. Nd3 b6 15.
Nxc5 bxc5 16. Rad1 f5 17. exf5 Bxf5 18. f3 Rb8 19. g4 Bd7 20. Ne4 a4 21. Bg5
Qc8 22. Rc1 Qb7 23. Rc2 Rf7 24. Qg2 Rbf8 25. Qg3 Qc8 26. Rff2 h6 27. Bc1 Qd8
28. Rc3 Rf4 29. Rd3 g5 30. h3 Qe8 31. Rh2 Qf7 32. Bxf4 exf4 33. Qe1 Bd4+ 34.
Kh1 Re8 35. h4 Qg6 36. hxg5 hxg5 37. Rxd4 cxd4 38. Rh5 Rxe4 39. Qxe4 Qxe4 40.
fxe4 Kf7 41. Kg2 Kf6 42. Kf3 d3 43. Rh7 Be8 44. Rh6+ Bg6 45. b3 a3 46. b4 Kg7
47. Rh1 Kf6 48. Rh6 Kg7 49. Rh1 Kf6 50. c5 Ke5 51. Re1 Kd4 52. cxd6 cxd6 53. b5
d2 54. Rd1 Bxe4+ 55. Ke2 f3+ 56. Kf2 Kd3 57. Rb1 Bxd5 58. b6 Kc2 59. b7 Bxb7
 0-1

[Event "Open Letní Praha 2018 - A"]
[Site "Praha"]
[Date "2018.08.07"]
[Round "6"]
[Board "31"]
[White "Zhukenov, Aituar"]
[Black "Shehzad, Shazil"]
[Result "1/2-1/2"]
[WhiteElo "2025"]
[BlackElo "1972"]
[PlyCount "92"]
[EventDate "2018.08.03"]
[EventRounds "9"]
[EventCountry "CZE"]

1. e4 c5 2. Nf3 e6 3. d4 cxd4 4. Nxd4 a6 5. Nc3 b5 6. Bd3 Bb7 7. O-O Ne7 8. f4
Nec6 9. Nb3 Be7 10. Be3 O-O 11. Qf3 Nb4 12. Qh3 Nxd3 13. cxd3 f5 14. Rf3 b4 15.
Na4 fxe4 16. Rg3 exd3 17. Nb6 Bf6 18. Nxa8 Bxa8 19. Bc5 Rf7 20. Rxd3 Bd5 21.
Bxb4 Bxb2 22. Rb1 Nc6 23. Bc5 Bf6 24. Qe3 Qa8 25. Bd6 Be7 26. Bxe7 Nxe7 27. Rd2
Nf5 28. Qb6 h5 29. Nc5 a5 30. Qb8+ Qxb8 31. Rxb8+ Kh7 32. g3 d6 33. Nb3 a4 34.
Nd4 Nxd4 35. Rxd4 Bxa2 36. Rxa4 Bd5 37. Ra6 Rc7 38. Rb2 Rd7 39. Rd2 Kg6 40. Kf2
Kf6 41. Rb6 Ke7 42. f5 Be4 43. fxe6 Kxe6 44. Ke3 Ke5 45. Rb8 Re7 46. Rd8 d5
 1/2-1/2

[Event "Open Letní Praha 2018 - A"]
[Site "Praha"]
[Date "2018.08.08"]
[Round "7"]
[Board "1"]
[White "Turner, Matthew"]
[Black "Plischki, Sebastian"]
[Result "1/2-1/2"]
[WhiteElo "2533"]
[BlackElo "2407"]
[PlyCount "89"]
[EventDate "2018.08.03"]
[EventRounds "9"]
[EventCountry "CZE"]

1. c4 Nf6 2. g3 g6 3. Bg2 Bg7 4. Nc3 O-O 5. e4 d6 6. Nge2 c5 7. O-O Nc6 8. d3
a6 9. a3 Bg4 10. h3 Bxe2 11. Nxe2 b5 12. cxb5 axb5 13. Rb1 Rb8 14. b4 Nd7 15.
Be3 Nd4 16. Qd2 Qb6 17. bxc5 Nxe2+ 18. Qxe2 dxc5 19. Rb3 Qa6 20. Rfb1 c4 21.
dxc4 bxc4 22. Rxb8 Rxb8 23. Rxb8+ Nxb8 24. Bf1 Qxa3 25. Qxc4 Nd7 26. Qc7 Qd6
27. Qd8+ Nf8 28. Qxd6 exd6 29. Bf4 Be5 30. Bg5 Ne6 31. Be7 f6 32. Bc4 Kf7 33.
Bd8 Ke8 34. Bxf6 Bxf6 35. Bxe6 Ke7 36. Bb3 g5 37. Bd1 Bd4 38. Kg2 Kf6 39. f4
gxf4 40. gxf4 Bc3 41. Kf3 Bd2 42. Kg4 Bc1 43. h4 Bd2 44. h5 h6 45. Bb3  1/2-1/2

[Event "Open Letní Praha 2018 - A"]
[Site "Praha"]
[Date "2018.08.08"]
[Round "7"]
[Board "2"]
[White "Berchtenbreiter, Maximilian"]
[Black "Pulpan, Jakub"]
[Result "1/2-1/2"]
[WhiteElo "2430"]
[BlackElo "2400"]
[PlyCount "63"]
[EventDate "2018.08.03"]
[EventRounds "9"]
[EventCountry "CZE"]

1. e4 e5 2. Nf3 Nc6 3. Bc4 Nf6 4. d3 Bc5 5. c3 d6 6. h3 a6 7. a4 Ba7 8. a5 h6
9. Qb3 Qe7 10. Be3 Nd8 11. Nbd2 Be6 12. Bxe6 Qxe6 13. Qa4+ Qd7 14. Bxa7 Rxa7
15. d4 exd4 16. cxd4 c6 17. O-O O-O 18. e5 dxe5 19. dxe5 Nd5 20. Ne4 Ne6 21.
Rad1 Qe7 22. Rfe1 Raa8 23. Nd6 f5 24. Qb3 Rab8 25. g3 g6 26. Rxd5 cxd5 27. Qxd5
Kh7 28. Rc1 Rfd8 29. h4 Ng7 30. Nd4 Rd7 31. b4 Rbd8 32. b5  1/2-1/2

[Event "Open Letní Praha 2018 - A"]
[Site "Praha"]
[Date "2018.08.08"]
[Round "7"]
[Board "3"]
[White "Gan-Erdene, Sugar"]
[Black "Gasanov, Eldar"]
[Result "0-1"]
[WhiteElo "2309"]
[BlackElo "2481"]
[PlyCount "110"]
[EventDate "2018.08.03"]
[EventRounds "9"]
[EventCountry "CZE"]

1. e4 c5 2. Nf3 Nc6 3. d4 cxd4 4. Nxd4 Nf6 5. Nc3 g6 6. Be3 Bg7 7. Be2 O-O 8.
f4 d6 9. O-O Bd7 10. Nb3 a6 11. a4 Be6 12. Bf3 Bxb3 13. cxb3 e6 14. Qd2 Re8 15.
Rad1 Bf8 16. e5 dxe5 17. Qf2 Qe7 18. Bxc6 bxc6 19. fxe5 Ng4 20. Qf4 Nxe3 21.
Qxe3 Qc5 22. Qxc5 Bxc5+ 23. Kh1 Red8 24. Ne4 Bd4 25. Rc1 Bxb2 26. Rxc6 Bxe5 27.
a5 Rdb8 28. Nd2 Rc8 29. Rxc8+ Rxc8 30. Ne4 Rc2 31. Rb1 Bd4 32. b4 f5 33. Nd6
Rc6 34. Nb7 e5 35. g3 e4 36. b5 axb5 37. Nd8 Rd6 38. Nb7 Rd7 39. a6 e3 40. Kg2
e2 41. Re1 Re7 42. Kf3 Re3+ 43. Kf4 Kf7 44. g4 Kf6 45. h4 Ke6 46. gxf5+ gxf5
47. Nd8+ Kd5 48. Nf7 Re7 49. Ng5 Bf2 50. a7 Bxa7 51. Nh3 Re5 52. Kf3 Re3+ 53.
Kg2 Ke4 54. Ng5+ Kf4 55. Kf2 h6  0-1

[Event "Open Letní Praha 2018 - A"]
[Site "Praha"]
[Date "2018.08.08"]
[Round "7"]
[Board "4"]
[White "Rubes, Jan"]
[Black "Neuman, Petr"]
[Result "1/2-1/2"]
[WhiteElo "2306"]
[BlackElo "2446"]
[PlyCount "29"]
[EventDate "2018.08.03"]
[EventRounds "9"]
[EventCountry "CZE"]

1. e4 e5 2. Nf3 Nc6 3. Bc4 Bc5 4. d3 Nf6 5. O-O d6 6. c3 a6 7. a4 Ba7 8. Nbd2
O-O 9. h3 Ne7 10. Re1 Ng6 11. d4 c6 12. Bb3 Re8 13. Bc2 h6 14. Nf1 Be6 15. Ng3
 1/2-1/2

[Event "Open Letní Praha 2018 - A"]
[Site "Praha"]
[Date "2018.08.08"]
[Round "7"]
[Board "5"]
[White "Mirzoeva, Elmira"]
[Black "Hess, Max"]
[Result "1/2-1/2"]
[WhiteElo "2290"]
[BlackElo "2331"]
[PlyCount "101"]
[EventDate "2018.08.03"]
[EventRounds "9"]
[EventCountry "CZE"]

1. d4 Nf6 2. c4 g6 3. Nc3 Bg7 4. e4 d6 5. Be2 O-O 6. Be3 c5 7. dxc5 Qa5 8. f3
dxc5 9. e5 Ne8 10. f4 Nc6 11. Nf3 Bf5 12. O-O Nc7 13. Nd5 Nxd5 14. cxd5 Nb4 15.
Rc1 Rfd8 16. Rxc5 Qxa2 17. Bd4 b6 18. Bc4 Bc2 19. Qd2 Qa4 20. b3 Bxb3 21. Bxb3
Qxb3 22. Rb5 a5 23. d6 Qc4 24. dxe7 Qxb5 25. exd8=Q+ Rxd8 26. Qf2 Nd3 27. Qh4
Rd7 28. Be3 Nc5 29. Qg4 Qd3 30. Re1 Bf8 31. e6 Nxe6 32. Bxb6 Qb5 33. Bf2 Qf5
34. Qxf5 gxf5 35. g3 a4 36. Re5 a3 37. Ra5 Rc7 38. Nd4 Rc1+ 39. Kg2 Nxd4 40.
Bxd4 Rc2+ 41. Kf3 h6 42. Ra8 f6 43. Bxf6 Kf7 44. Bd4 Rxh2 45. Ra5 Be7 46. Rxf5+
Kg6 47. Ra5 Rd2 48. Ra6+ Kf7 49. Be5 Rd3+ 50. Ke4 Rxg3 51. Rxh6  1/2-1/2

[Event "Open Letní Praha 2018 - A"]
[Site "Praha"]
[Date "2018.08.08"]
[Round "7"]
[Board "6"]
[White "Olsarova, Karolina"]
[Black "Phadke, Sohan"]
[Result "1/2-1/2"]
[WhiteElo "2331"]
[BlackElo "2245"]
[PlyCount "30"]
[EventDate "2018.08.03"]
[EventRounds "9"]
[EventCountry "CZE"]

1. e4 c5 2. Nf3 Nc6 3. Bb5 g6 4. Bxc6 bxc6 5. O-O Bg7 6. c3 Nf6 7. Re1 O-O 8.
d4 d5 9. e5 Ne4 10. Nbd2 cxd4 11. cxd4 c5 12. dxc5 Nxc5 13. Nb3 Nxb3 14. Qxb3
d4 15. Bf4 Bg4  1/2-1/2

[Event "Open Letní Praha 2018 - A"]
[Site "Praha"]
[Date "2018.08.08"]
[Round "7"]
[Board "7"]
[White "Jurcik, Marian"]
[Black "Hrdina, Robin"]
[Result "1-0"]
[WhiteElo "2455"]
[BlackElo "2219"]
[PlyCount "141"]
[EventDate "2018.08.03"]
[EventRounds "9"]
[EventCountry "CZE"]

1. e4 e5 2. Nf3 Nc6 3. Bb5 a6 4. Ba4 Nf6 5. O-O Be7 6. Bxc6 dxc6 7. d3 Bg4 8.
h3 Bxf3 9. Qxf3 O-O 10. Qg3 Qd6 11. Nc3 Nh5 12. Qg4 Qg6 13. Ne2 Qxg4 14. hxg4
Nf6 15. g5 Nd7 16. g3 Rad8 17. Kg2 f5 18. gxf6 gxf6 19. g4 Nc5 20. Ng3 Ne6 21.
Be3 Bc5 22. Nh5 Bd4 23. Rae1 Kf7 24. f4 Bxe3 25. Rxe3 exf4 26. Nxf4 Rg8 27. Rg3
Nxf4+ 28. Rxf4 Ke6 29. Rf5 h6 30. Kf3 Rg6 31. Rh3 Rdg8 32. Rh4 R8g7 33. Rfh5
Rh7 34. d4 Rh8 35. Kf4 b6 36. c4 a5 37. b3 Rh7 38. c5 Rh8 39. d5+ cxd5 40.
exd5+ Kf7 41. d6 cxd6 42. cxb6 Rg5 43. Rxh6 Rb8 44. Rh7+ Ke6 45. b7 Rb5 46.
R4h6 R5xb7 47. Rxb7 Rxb7 48. g5 Rb4+ 49. Kg3 Kf7 50. Rxf6+ Kg7 51. Rf4 Rb5 52.
Kg4 Rd5 53. Kh5 Rd2 54. Ra4 Rd5 55. Rc4 Rd2 56. Rc7+ Kf8 57. a4 Rb2 58. Rb7 d5
59. Rd7 Rd2 60. Ra7 d4 61. Rxa5 Rh2+ 62. Kg6 d3 63. Rd5 d2 64. a5 Rh3 65. Rxd2
Rxb3 66. Ra2 Rb7 67. a6 Ra7 68. Kf6 Kg8 69. Ke6 Kg7 70. Kd6 Kg6 71. Ra5  1-0

[Event "Open Letní Praha 2018 - A"]
[Site "Praha"]
[Date "2018.08.08"]
[Round "7"]
[Board "8"]
[White "Yagupov, Igor"]
[Black "Chudinovskikh, Alexander M"]
[Result "1-0"]
[WhiteElo "2405"]
[BlackElo "2211"]
[PlyCount "85"]
[EventDate "2018.08.03"]
[EventRounds "9"]
[EventCountry "CZE"]

1. e4 e6 2. d4 d5 3. Nc3 Nf6 4. e5 Nfd7 5. f4 c5 6. Nf3 Nc6 7. Be3 a6 8. Qd2 b5
9. dxc5 Nxc5 10. Qf2 Na4 11. Nxa4 bxa4 12. c3 Be7 13. Bd3 O-O 14. Qc2 a3 15.
Bxh7+ Kh8 16. Bd3 axb2 17. Qxb2 d4 18. Nxd4 Bh4+ 19. Bf2 Rb8 20. Qe2 Bxf2+ 21.
Kxf2 Qh4+ 22. g3 Nxd4 23. gxh4 Nxe2 24. Kxe2 Rb2+ 25. Ke3 a5 26. Rab1 Rxa2 27.
Rb8 Rg8 28. h5 a4 29. h4 Ra3 30. Rc1 Ra2 31. Ra8 Bd7 32. Ra7 Rd8 33. Bb1 Ra1
34. Rd1 Rb8 35. Rdxd7 Rbxb1 36. Rxf7 Re1+ 37. Kd4 Rad1+ 38. Kc5 Rd5+ 39. Kc6
Rc1 40. Rf8+ Kh7 41. Raa8 Rxc3+ 42. Kb6 Rb3+ 43. Ka6  1-0

[Event "Open Letní Praha 2018 - A"]
[Site "Praha"]
[Date "2018.08.08"]
[Round "7"]
[Board "9"]
[White "Kulhanek, Tomas"]
[Black "Ajay Krishna, S"]
[Result "0-1"]
[WhiteElo "2314"]
[BlackElo "2200"]
[PlyCount "70"]
[EventDate "2018.08.03"]
[EventRounds "9"]
[EventCountry "CZE"]

1. e4 c5 2. Nc3 d6 3. f4 g6 4. Nf3 Bg7 5. d4 cxd4 6. Nxd4 Nc6 7. Nb3 Nf6 8. Be2
O-O 9. Be3 Be6 10. g4 Na5 11. g5 Nd7 12. Qd2 Nc4 13. Bxc4 Bxc4 14. h4 a5 15. a4
Qc7 16. h5 Rfc8 17. hxg6 hxg6 18. Rh2 b6 19. Nd4 Nc5 20. b3 Be6 21. f5 Nxb3 22.
cxb3 Qxc3 23. Qxc3 Rxc3 24. Kd2 Rac8 25. fxe6 Bxd4 26. exf7+ Kf8 27. Bxd4 Rc2+
28. Kd3 Rxh2 29. Bxb6 Rh3+ 30. Be3 Rb8 31. Rb1 Kxf7 32. b4 Rxb4 33. Rxb4 axb4
34. a5 b3 35. a6 b2  0-1

[Event "Open Letní Praha 2018 - A"]
[Site "Praha"]
[Date "2018.08.08"]
[Round "7"]
[Board "10"]
[White "Plesek, Jiri"]
[Black "Yandarbiev, Ruslan"]
[Result "1/2-1/2"]
[WhiteElo "2165"]
[BlackElo "2314"]
[PlyCount "45"]
[EventDate "2018.08.03"]
[EventRounds "9"]
[EventCountry "CZE"]

1. Nf3 Nf6 2. c4 g6 3. g3 Bg7 4. Bg2 O-O 5. O-O d5 6. cxd5 Nxd5 7. Nc3 Nb6 8.
d4 Nc6 9. e3 Re8 10. Re1 a5 11. Qe2 e5 12. Nxe5 Nxe5 13. dxe5 Bxe5 14. e4 Be6
15. f4 Bxc3 16. bxc3 Bd5 17. Be3 Bxe4 18. Rad1 Qc8 19. Bxb6 Bxg2 20. Qxe8+ Qxe8
21. Rxe8+ Rxe8 22. Bxc7 Bf3 23. Rd8  1/2-1/2

[Event "Open Letní Praha 2018 - A"]
[Site "Praha"]
[Date "2018.08.08"]
[Round "7"]
[Board "11"]
[White "Karthick, Narayanan S"]
[Black "Marczuk, Dominik"]
[Result "1/2-1/2"]
[WhiteElo "1979"]
[BlackElo "2290"]
[PlyCount "64"]
[EventDate "2018.08.03"]
[EventRounds "9"]
[EventCountry "CZE"]

1. e4 c5 2. Nc3 Nc6 3. g3 g6 4. Bg2 Bg7 5. d3 d6 6. Be3 e6 7. Qd2 Nge7 8. Bh6
Bxh6 9. Qxh6 Nd4 10. O-O-O Nec6 11. h4 Qf6 12. f4 Bd7 13. Nf3 Nxf3 14. Bxf3
O-O-O 15. Nb5 Qe7 16. e5 Nxe5 17. Nxa7+ Kb8 18. fxe5 Kxa7 19. exd6 Qxd6 20. Qe3
Bc6 21. Bxc6 Qxc6 22. Rhf1 f5 23. d4 Rd5 24. Rfe1 Rhd8 25. dxc5 e5 26. Rxd5
Rxd5 27. b4 e4 28. Kb2 Ka8 29. a4 Qf6+ 30. Qc3 Rd4 31. Ka2 Qe6+ 32. Qb3 Qe5
 1/2-1/2

[Event "Open Letní Praha 2018 - A"]
[Site "Praha"]
[Date "2018.08.08"]
[Round "7"]
[Board "12"]
[White "Zlatin, Alexander"]
[Black "Becker, Matthias"]
[Result "1/2-1/2"]
[WhiteElo "2193"]
[BlackElo "2254"]
[PlyCount "82"]
[EventDate "2018.08.03"]
[EventRounds "9"]
[EventCountry "CZE"]

1. e4 g6 2. d4 Bg7 3. Be3 d6 4. Qd2 Nd7 5. f3 a6 6. a4 b6 7. Bc4 e6 8. Ne2 h6
9. O-O Ne7 10. b4 Bb7 11. c3 Nf6 12. Ng3 g5 13. a5 g4 14. fxg4 Nxe4 15. Nxe4
Bxe4 16. Qf2 Bg6 17. axb6 cxb6 18. Rxa6 Rxa6 19. Bb5+ Kf8 20. Bxa6 Qa8 21. Bc4
d5 22. Bb5 h5 23. Bd3 Qe8 24. Bxg6 Nxg6 25. g5 Ne7 26. Bf4 Nf5 27. Qa2 Kg8 28.
Qa6 Qc6 29. Rf3 Kh7 30. Rh3 Ra8 31. Qd3 Qc4 32. Qxc4 dxc4 33. Nd2 b5 34. g4 Ne7
35. gxh5 Nd5 36. Be5 Bxe5 37. dxe5 Ra1+ 38. Kf2 Ra2 39. Ke1 Ra1+ 40. Kf2 Ra2
41. Ke1 Ra1+  1/2-1/2

[Event "Open Letní Praha 2018 - A"]
[Site "Praha"]
[Date "2018.08.08"]
[Round "7"]
[Board "13"]
[White "Gokhale, Rishabh Chandrashekhar"]
[Black "Olson, Hamish"]
[Result "1/2-1/2"]
[WhiteElo "1867"]
[BlackElo "2241"]
[PlyCount "102"]
[EventDate "2018.08.03"]
[EventRounds "9"]
[EventCountry "CZE"]

1. d4 d5 2. Nf3 Nf6 3. Bf4 c5 4. e3 Nc6 5. c3 Qb6 6. Qb3 c4 7. Qxb6 axb6 8. Na3
Bf5 9. Nb5 Ra5 10. a4 e6 11. Be2 Be7 12. Nd2 Ne4 13. f3 Nxd2 14. Kxd2 Kd7 15.
Rhc1 Na7 16. Nxa7 Rxa7 17. e4 Bg6 18. Ke3 Rha8 19. Bd1 b5 20. b3 bxa4 21. Rxa4
Rxa4 22. bxa4 Ra5 23. Rb1 Kc6 24. Bc2 f6 25. Kd2 Bf7 26. g4 h6 27. Bg3 Bf8 28.
h4 h5 29. g5 Be8 30. Bf4 b6 31. Bg3 Ra6 32. Bf4 Bd6 33. Bxd6 Kxd6 34. gxf6 gxf6
35. Rb4 Bc6 36. Ke3 Kc7 37. exd5 exd5 38. Bg6 Bxa4 39. Bxh5 Bd7 40. Bf7 Ra3 41.
Bxd5 Rxc3+ 42. Kf4 b5 43. Rb2 Bc6 44. Bxc6 Kxc6 45. h5 Ra3 46. h6 Ra8 47. Kf5
c3 48. Rb3 b4 49. Rxb4 Kd5 50. Rb1 Kxd4 51. Kxf6 Rf8+  1/2-1/2

[Event "Open Letní Praha 2018 - A"]
[Site "Praha"]
[Date "2018.08.08"]
[Round "7"]
[Board "14"]
[White "Svanda, Ondrej"]
[Black "Kucera, Tomas"]
[Result "1-0"]
[WhiteElo "2241"]
[BlackElo "1917"]
[PlyCount "101"]
[EventDate "2018.08.03"]
[EventRounds "9"]
[EventCountry "CZE"]

1. c4 Nf6 2. Nc3 g6 3. g3 Bg7 4. Bg2 O-O 5. Nf3 d6 6. O-O e5 7. d3 Nc6 8. Rb1
a5 9. a3 h6 10. b4 axb4 11. axb4 Be6 12. b5 Ne7 13. Bb2 Qd7 14. Re1 Nh5 15. Ra1
f5 16. Qb3 Kh7 17. Rxa8 Rxa8 18. Nd2 Qc8 19. Ra1 Nf6 20. Ra3 Nd7 21. Na4 Bf6
22. Qa2 Bg5 23. Nb3 Bf6 24. Bc3 Rb8 25. Nd2 Qg8 26. Bb4 Nc8 27. Ba5 Bd8 28. Nc3
Nf6 29. Qa1 h5 30. Na4 Nd7 31. Nf3 g5 32. Ne1 Kh6 33. Nc2 f4 34. Bd2 Bf6 35.
Nc3 Nc5 36. Nd5 Bxd5 37. Bxd5 Qg7 38. Bb4 Ne7 39. Bxc5 dxc5 40. Be4 Nc8 41. Ra8
Rxa8 42. Qxa8 Nd6 43. Bxb7 g4 44. Bd5 Qg5 45. Qg8 Bg7 46. Qe6+ Bf6 47. b6 fxg3
48. hxg3 Nf5 49. bxc7 Qc1+ 50. Kg2 Qxc2 51. Qxf6+  1-0

[Event "Open Letní Praha 2018 - A"]
[Site "Praha"]
[Date "2018.08.08"]
[Round "7"]
[Board "15"]
[White "Vanek, Ladislav"]
[Black "Kaderabek, Jiri"]
[Result "1/2-1/2"]
[WhiteElo "2271"]
[BlackElo "2104"]
[PlyCount "111"]
[EventDate "2018.08.03"]
[EventRounds "9"]
[EventCountry "CZE"]

1. d4 Nf6 2. Nf3 b6 3. g3 Bb7 4. Bg2 c5 5. O-O g6 6. c3 Bg7 7. Qb3 cxd4 8. Ne5
d5 9. cxd4 O-O 10. Nc3 Nc6 11. Rd1 e6 12. f4 Qe7 13. Nxc6 Bxc6 14. Bd2 Rfc8 15.
Rac1 Qd7 16. e3 Bf8 17. Bf1 Ne4 18. Nxe4 dxe4 19. Ba6 Bb7 20. Bxb7 Qxb7 21. Bb4
Qd5 22. Bxf8 Qxb3 23. axb3 Kxf8 24. Rc3 a5 25. Rdc1 Rxc3 26. Rxc3 Ra7 27. Kf2
Ke7 28. Ke2 h5 29. Rc6 Rb7 30. Kd2 Kd7 31. Rc4 Rb8 32. Kc3 Kd6 33. b4 h4 34. g4
h3 35. b5 g5 36. Rc6+ Kd7 37. fxg5 Rg8 38. Rxb6 Rxg5 39. Rb7+ Kd6 40. b6 f5 41.
gxf5 Rxf5 42. Rh7 Rb5 43. b7 a4 44. Rxh3 Rxb7 45. Rg3 Rb3+ 46. Kc2 e5 47. dxe5+
Kxe5 48. h4 Kf5 49. h5 Rb6 50. Rh3 Kg4 51. Rh1 Rh6 52. Rf1 Rc6+ 53. Kd2 Kxh5
54. Rf5+ Kg6 55. Rd5 Rb6 56. Kc3  1/2-1/2

[Event "Open Letní Praha 2018 - A"]
[Site "Praha"]
[Date "2018.08.08"]
[Round "7"]
[Board "16"]
[White "Jedlicka, Ales"]
[Black "Kornitzky, Tino"]
[Result "1/2-1/2"]
[WhiteElo "2253"]
[BlackElo "2036"]
[PlyCount "101"]
[EventDate "2018.08.03"]
[EventRounds "9"]
[EventCountry "CZE"]

1. d4 Nf6 2. c4 e6 3. Nf3 d5 4. Nc3 Nbd7 5. Bg5 c6 6. e3 Qa5 7. Nd2 Bb4 8. Qc2
O-O 9. Be2 c5 10. Bxf6 Nxf6 11. Nb3 Bxc3+ 12. Qxc3 Qxc3+ 13. bxc3 cxd4 14. cxd4
dxc4 15. Bxc4 Bd7 16. O-O Rfc8 17. Rfc1 Rc7 18. Bd3 Rac8 19. Rxc7 Rxc7 20. Kf1
Nd5 21. Ke2 Nb4 22. Kd2 Nxd3 23. Kxd3 Kf8 24. a4 Ke7 25. a5 g5 26. f3 f5 27. e4
Bb5+ 28. Kd2 fxe4 29. fxe4 Rc4 30. Rc1 Rxc1 31. Nxc1 b6 32. axb6 axb6 33. Na2
Kd6 34. Ke3 h5 35. g3 Bc4 36. Nb4 b5 37. Kd2 Bf1 38. h4 gxh4 39. gxh4 Bc4 40.
Kc3 Be2 41. Nc2 Bg4 42. Ne3 Bf3 43. e5+ Kc6 44. Kb4 Kb6 45. Nf1 Be2 46. Nd2 Bd3
47. d5 exd5 48. Nb3 Kc6 49. Nd4+ Kd7 50. Kc5 Bc4 51. Kb4  1/2-1/2

[Event "Open Letní Praha 2018 - A"]
[Site "Praha"]
[Date "2018.08.08"]
[Round "7"]
[Board "17"]
[White "Toman, Ondrej"]
[Black "Yakimenko, Alexander A."]
[Result "1-0"]
[WhiteElo "2231"]
[BlackElo "2069"]
[PlyCount "81"]
[EventDate "2018.08.03"]
[EventRounds "9"]
[EventCountry "CZE"]

1. d4 e6 2. Bf4 f5 3. e3 Nf6 4. h4 b6 5. Nd2 Bb7 6. Nh3 Be7 7. Bg3 Qc8 8. Nf4
Nc6 9. Bd3 Nb4 10. Qe2 c5 11. O-O O-O 12. c4 d6 13. Nh3 Nxd3 14. Qxd3 Qd7 15.
Rad1 Rad8 16. f4 Qc6 17. Nf3 h6 18. Be1 Qc8 19. b3 Qa8 20. Kh2 Ng4+ 21. Kh1 Be4
22. Qe2 Nf6 23. Nf2 Bb7 24. Kh2 Rde8 25. Bc3 Ne4 26. Be1 Qd8 27. dxc5 bxc5 28.
Nxe4 fxe4 29. Ne5 Bxh4 30. Rxd6 Qxd6 31. Bxh4 Bc6 32. Qh5 Rf5 33. Qg6 Ref8 34.
Ng4 Kh8 35. Nxh6 Qd3 36. Nxf5 Rxf5 37. Rh1 Qxe3 38. Bg5 Qf2 39. Qxe6 Rxg5 40.
fxg5 e3 41. Qxc6  1-0

[Event "Open Letní Praha 2018 - A"]
[Site "Praha"]
[Date "2018.08.08"]
[Round "7"]
[Board "18"]
[White "Ciolek, Andreas"]
[Black "Sim, Jia Ru"]
[Result "1-0"]
[WhiteElo "2216"]
[BlackElo "1930"]
[PlyCount "45"]
[EventDate "2018.08.03"]
[EventRounds "9"]
[EventCountry "CZE"]

1. e4 c5 2. Nf3 e6 3. d3 Nc6 4. g3 g6 5. Bg2 Bg7 6. O-O Nge7 7. Nbd2 O-O 8. Re1
d5 9. e5 Qc7 10. Qe2 b6 11. c3 Ba6 12. Nf1 Rad8 13. h4 h5 14. N1h2 d4 15. c4
Rd7 16. g4 Rb8 17. Bf4 Kf8 18. gxh5 gxh5 19. Ng5 Ng6 20. Bg3 Ke7 21. f4 Rh8 22.
f5 Bxe5 23. Bxc6  1-0